Introduction to communication systems simulation (Record no. 8214)

000 -LEADER
fixed length control field 00526 a2200157 4500
020 ## - INTERNATIONAL STANDARD BOOK NUMBER
International Standard Book Number 1596930020
040 ## - CATALOGING SOURCE
Original cataloging agency DLC
Language of cataloging DLC
082 00 - DEWEY DECIMAL CLASSIFICATION NUMBER
Classification number 621.382
100 1# - MAIN ENTRY--PERSONAL NAME
Personal name Schiff, Maurice,
245 10 - TITLE STATEMENT
Title Introduction to communication systems simulation
Statement of responsibility, etc. Maurice Schiff
260 ## - PUBLICATION, DISTRIBUTION, ETC.
Place of publication, distribution, etc. Boston :
Name of publisher, distributor, etc. Artech House,
Date of publication, distribution, etc. c2006.
300 ## - PHYSICAL DESCRIPTION
Extent xiv, 217 p. :
Other physical details ill. ;
Dimensions 27 cm +
Accompanying material 1 CD-ROM (4 3/4 in.).
440 #0 - SERIES STATEMENT/ADDED ENTRY--TITLE
Title Artech House mobile communications library
650 #0 - SUBJECT ADDED ENTRY--TOPICAL TERM
Topical term or geographic name entry element Telecommunication systems
General subdivision Computer simulation.
942 ## - ADDED ENTRY ELEMENTS (KOHA)
Koha item type Book
Call number prefix 621.3820113 SCH
Source of classification or shelving scheme
Holdings
Withdrawn status Lost status Damaged status Not for loan Collection code Permanent Location Current Location Shelving location Date acquired Source of acquisition Cost, normal purchase price Total Checkouts Full call number Barcode Date last seen Price effective from Koha item type
          Central Library (CL) Central Library (CL) General Stacks 01/27/2007 Allied Book Company 9167.90   621.3820113 SCH SEECS008064 11/14/2012 01/05/2017 Book
© 2023 Central Library, National University of Sciences and Technology. All Rights Reserved.